The problem of style
Contents: the meaning of style; the psychology of style; poetry and prose; the central problem of style; the process of creative style,..
Gespeichert in:
| 1. Verfasser: | |
|---|---|
| Format: | Buch |
| Sprache: | Undetermined |
| Veröffentlicht: |
London
Oxford University Press
1960
|
| Schlagworte: | |
| Tags: |
Tag hinzufügen
Keine Tags, Fügen Sie den ersten Tag hinzu!
|
| Thư viện lưu trữ: | Trung tâm Học liệu Trường Đại học Cần Thơ |
|---|
| LEADER | 00657nam a2200193Ia 4500 | ||
|---|---|---|---|
| 001 | CTU_219096 | ||
| 008 | 210402s9999 xx 000 0 und d | ||
| 082 | |a 808 | ||
| 082 | |b M984 | ||
| 100 | |a Murry, John Middleton | ||
| 245 | 4 | |a The problem of style | |
| 245 | 0 | |c John Middleton Murry | |
| 260 | |a London | ||
| 260 | |b Oxford University Press | ||
| 260 | |c 1960 | ||
| 520 | |a Contents: the meaning of style; the psychology of style; poetry and prose; the central problem of style; the process of creative style,.. | ||
| 650 | |a Phong cách, văn học,Style, Literary | ||
| 904 | |i Trúc | ||
| 980 | |a Trung tâm Học liệu Trường Đại học Cần Thơ | ||